| 000 | 00392 a2200133 4500 | ||
|---|---|---|---|
| 001 | 91954 | ||
| 082 | _aPR 1726 | ||
| 090 |
_c43901 _d43900 |
||
| 100 | _aAkunzada Ilyas and Nizam Uddin; Prof Abdul Rehman,M., Advisor | ||
| 245 |
_aAcquisition , Display and Enhancement of Thermal Imaging System _n64 "B" EC |
||
| 260 |
_aRawalpindi _bNUST _c2008 |
||
| 300 | _a70p | ||
| 500 | _aBE Projec Report | ||
| 942 |
_aCAE NUST _kPR 1726 |
||
| 999 |
_c327027 _d327027 |
||